Three Real and One Fake - U.S. History - Statistics

General Stats
  • This quiz has been taken 25,818 times
  • The average score is 9 of 15
Answer Stats
Question Answer % Correct
Inventions of Thomas Edison Cotton gin
78%
Elvis songs Under Pressure
78%
Signers of the Declaration of Independence Christopher Marlowe
70%
Pacific theater battles of WWII San Juan Hill
70%
Female authors Mata Hari
67%
Union generals of the Civil War Obadiah Stane
67%
Prohibition-era gangsters Lead Belly
64%
Old West frontier towns Harper's Ferry
60%
1950s sitcoms Duck Soup
55%
Vice Presidents William Gladstone
54%
Automobile makers that existed in 1950 Union Carbide
52%
Oscar-winning directors Edsel Ford
50%
1960s fashion Bloomers
48%
"Beat Generation" authors Georgia O'Keeffe
47%
Confederate states Kentucky
46%
No matching quizzes found
Score Distribution
Percent of People with Each Score
Percentile by Number Answered
Your Score History
You have not taken this quiz